| 000 | 00321nam a2200121Ia 4500 | ||
|---|---|---|---|
| 008 | 190216s9999||||xx |||||||||||||| ||und|| | ||
| 100 | _a"Sherelekar S A,Reddy,Appannaaiah" | ||
| 245 | 0 | _aEssentials Of Marketing Management | |
| 260 |
_bHimalaya Publishing House _c1993 |
||
| 300 | _a355p | ||
| 650 | _aCommerce | ||
| 942 | _cBK | ||
| 999 |
_c5570 _d5570 |
||